| 000 | 00845nam a22002055i 4500 | ||
|---|---|---|---|
| 001 | 158256 | ||
| 003 | ES-MaACL | ||
| 005 | 20250823004925.0 | ||
| 008 | 981020s1874 fr |||| | fre d | ||
| 040 |
_aCCPB | B _bspa _cCCPB | B |
||
| 100 | 1 |
_aLussy, Mathis. _9129162 |
|
| 245 | 1 | 0 |
_aTraité de l'expression musicale _b: accents, nuances et mouvements dans la musique vocale et instrumentale / _cpar Mathis Lussy. |
| 260 |
_aParis : _bHeugel, _c1874 ( _eNancy : _fImprimerie erger-Levrault et C\pie\s) |
||
| 300 |
_a[6], 166 p. ; _c27 cm. |
||
| 594 | 1 | _aPrecede al tít.: "Médaille de Mérite a l'Exposition Universelle de Vienne 1873" | |
| 650 | 7 |
_aMúsica _2embne _915376 |
|
| 852 |
_aES-MaACL _jT-1383-F-2 _z-- Enc. hol. _q-- Falto de la cub. original _z-- Enc. en un vol. facticio |
||
| 942 | _2udc | ||
| 999 |
_c158256 _d158256 |
||